Historie pěstování dřevin v Lednicko-valtickém areálu do první světové války /

Hlavní autor: Pejchal, Miloš, 1949-
Další autoři: Krejčiřík, Přemysl, 1973-
Jazyk: Čeština
Vydáno: Brno : Mendelova univerzita v Brně, 2015
Vydání: Vydání: první
Témata:
Fyzický popis: 99 stran : ilustrace (převážně barevné), mapy, faksimile ; 31 cm
Language note: České a anglické resumé
Knihy
Uloženo v:
LEADER 03222nam a2200757 i 4500
001 nkc20162793277
003 CZ PrNK
005 20180220151545.0
007 ta
008 160419s2015 xr abh f 000 0 cze
015 |a cnb002793277 
020 |a 978-80-7509-388-2  |q (vázáno) 
035 |a (OCoLC)951554236 
040 |a BOA001  |b cze  |d ABA001  |e rda 
041 0 |a cze  |b cze  |b eng 
043 |a e-xr---  |b e-xr-jm  |2 czenas 
045 |a t-x- 
072 7 |a 712  |x Plánování krajiny. Parky. Zahrady  |2 Konspekt  |9 24 
080 |a 712.26:728.82  |2 MRF 
080 |a 72:904  |2 MRF 
080 |a 582.091/.097  |2 MRF 
080 |a 712.3/.7  |2 MRF 
080 |a 712  |2 MRF 
080 |a 634/635(091)  |2 MRF 
080 |a 94(437.32-13)  |2 MRF 
080 |a (437.32-13)  |2 MRF 
080 |a (048.8:082)  |2 MRF 
100 1 |a Pejchal, Miloš,  |d 1949-  |7 ola200205896  |4 aut 
245 1 0 |a Historie pěstování dřevin v Lednicko-valtickém areálu do první světové války /  |c Pejchal Miloš, Krejčiřík Přemysl 
246 3 0 |a Historie pěstování dřevin 
250 |a Vydání: první 
264 1 |a Brno :  |b Mendelova univerzita v Brně,  |c 2015 
300 |a 99 stran :  |b ilustrace (převážně barevné), mapy, faksimile ;  |c 31 cm 
336 |a text  |b txt  |2 rdacontent 
337 |a bez média  |b n  |2 rdamedia 
338 |a svazek  |b nc  |2 rdacarrier 
500 |a Terminologické slovníky 
500 |a 1000 výtisků 
504 |a Obsahuje bibliografie a bibliografické odkazy 
546 |a České a anglické resumé 
648 7 |a 16.-20. století  |7 ch757031  |2 czenas 
650 0 7 |a zámecké parky  |7 ph116799  |z Česko  |y 16.-20. století  |2 czenas 
650 0 7 |a architektonické památky  |7 ph118585  |z Česko  |2 czenas 
650 0 7 |a dřeviny  |7 ph114402  |z Česko  |2 czenas 
650 0 7 |a zahradní architektura  |7 ph116723  |z Česko  |y 16.-20. století  |2 czenas 
650 0 7 |a krajinářská architektura  |7 ph137789  |z Česko  |y 16.-20. století  |2 czenas 
650 0 7 |a dějiny zahradnictví  |7 ph489120  |z Česko  |y 16.-20. století  |2 czenas 
650 0 9 |a chateau parks  |z Czechia  |y 16th-20th centuries  |2 eczenas 
650 0 9 |a architectural monuments  |z Czechia  |2 eczenas 
650 0 9 |a woody plants  |z Czechia  |2 eczenas 
650 0 9 |a garden architecture  |z Czechia  |y 16th-20th centuries  |2 eczenas 
650 0 9 |a landscape architecture  |z Czechia  |y 16th-20th centuries  |2 eczenas 
650 0 9 |a history of horticulture  |z Czechia  |y 16th-20th centuries  |2 eczenas 
651 7 |a Lednicko-valtický areál (Česko)  |7 ge129775  |2 czenas 
651 7 |a Lednicko-valtický areál (Česko)  |7 ge129775  |x dějiny  |y 16.-20. století  |2 czenas 
651 9 |a Lednicko-valtický areál (Czechia)  |2 eczenas 
651 9 |a Lednicko-valtický areál (Czechia)  |x history  |y 16th-20th centuries  |2 eczenas 
655 7 |a kolektivní monografie  |7 fd501537  |2 czenas 
655 9 |a collective monographs  |2 eczenas 
700 1 |a Krejčiřík, Přemysl,  |d 1973-  |7 mzk2017962734  |4 aut 
910 2 |a BOA001  |b 4-1367.133 
990 |a BK 
995 |a 01 
991 |b 201604  |c NOV 
996 6 |b 2610669046  |c 4-1367.133  |l MZK  |r Sklad / do 1 hodiny  |n 3  |p p.v.  |w 001558063  |u 000010  |a 1  |e BOA001  |j MZK50  |s P 
996 7 |b 2610669047  |c 4-1367.133  |l Vol.výběr  |r VV 1p  |n 5  |p p.v.  |h 712 PEJ  |w 001558063  |u 000020  |a 0  |e BOA001  |j MZK50  |s A